000 01140pam a2200349 i 4500
001 1426
003 BD-RjUL
005 20211208233333.0
008 131125s1981 cau b 001 0 eng b
020 _a0803910541
020 _a080391055X (pbk.)
035 _a(BD-RjUL) 1448
040 _aDLC
_cDLC
_dDLC
_dBD-RjUL
_beng
041 _aeng
060 _aQZ 50 M414g
082 0 0 _a362.196042
_219
_bMAG 1981
100 1 _aMassarik, Fred.
_94216
245 1 0 _aGenetic disease control :
_ba social psychological approach /
_cFred Massarik, Michael M. Kaback.
260 _aBeverly Hills :
_bSage Publications,
_cc1981.
300 _a168 p. ;
_c22 cm.
490 0 _aSage library of social research ;
_vv. 116
500 _aIncludes index.
504 _aBibliography: p. 159-161.
650 0 _aGenetic counseling
_xSocial aspects.
_94217
650 0 _aGenetic counseling
_xPsychological aspects
_94218
650 2 _aHereditary diseases
_xPrevention and control.
_94219
650 2 _aGenetics, Medical.
_94220
700 1 _aKaback, Michael M.,
_ejoint author.
_94221
942 _2ddc
_cBK
999 _c1426
_d1426